| 000 | 00614nam a2200205 a 4500 | ||
|---|---|---|---|
| 005 | 20240919064332.0 | ||
| 008 | 991125s1978 mx 000 0 spa u | ||
| 020 | _a9682501075 | ||
| 035 | _aUPN01000016968 | ||
| 049 | _aCG | ||
| 050 | 4 |
_aHD58.5 _bB7.38 |
|
| 100 | 1 |
_aBrigham, Eugene F., _d1930- |
|
| 245 | 1 | 0 |
_aEconomía y administración / _cEugene F. Brigham, James L. Pappas ; tr. por Agustín Contín. |
| 260 |
_aMéxico : _bInteramericana, _c1978. |
||
| 300 |
_a583 p. : _bgráfs. |
||
| 650 | 4 |
_aEconomía _911541 |
|
| 650 | 4 |
_aAdministración _928 |
|
| 700 | 1 |
_aPappas, James L., _ecoaut. |
|
| 905 | _aLibro | ||
| 999 |
_c16968 _d16968 |
||